Ensayo sobre las variedades de la vid común que vegetan en Andalucia (Record no. 164065)

MARC details
000 -LEADER
campo de control de longitud fija 01549nam a22002655i 4500
001 - NÚMERO DE CONTROL
campo de control 164065
003 - IDENTIFICADOR DE NÚMERO DE CONTROL
campo de control ES-MaACL
005 - FECHA Y HORA DE LA ÚLTIMA TRANSACCIÓN
campo de control 20251009191503.0
008 - DATOS DE LONGITUD FIJA--INFORMACIÓN GENERAL
campo de control de longitud fija 940301s1807 sp a |||| | spa d
040 ## - FUENTE DE CATALOGACIÓN
Centro catalogador/agencia de origen AS
Lengua de catalogación spa
100 1# - ENTRADA PRINCIPAL--NOMBRE DE PERSONA
Nombre de persona Clemente y Rubio, Simón de Rojas,
Fechas asociadas al nombre 1777-1827
9 (RLIN) 131999
245 10 - MENCIÓN DEL TÍTULO
Título Ensayo sobre las variedades de la vid común que vegetan en Andalucia
Resto del título : con un indice etimológico y tres listas de plantas en que se caracterizan varias especies nuevas /
Mención de responsabilidad, etc. por Simón de Roxas Clemente y Rubio.
260 ## - PUBLICACIÓN, DISTRIBUCIÓN, ETC.
Lugar de publicación, distribución, etc. Madrid :
Nombre del editor, distribuidor, etc. [s.n.],
Fecha de publicación, distribución, etc. 1807 (
Fabricante En la Imprenta de Villalpando)
300 ## - DESCRIPCIÓN FÍSICA
Extensión XVIII, 324 p. [2] h. de lám. ;
Dimensiones 21 cm.
530 ## - NOTA DISPONIBLE DE FORMULARIO FÍSICO ADICIONAL
Nota de formato físico adicional disponible Disponible en formato digital.
599 ## - NOTA A LAS ILUSTRACIONES
NOTA A LAS ILUSTRACIONES Las il. son grabados xilográficos de tablas de los caracteres de las variedades de la vid común, p. 61-64.
599 ## - NOTA A LAS ILUSTRACIONES
NOTA A LAS ILUSTRACIONES Las h. de lám. son: un grabado calcográfico de "Vista de Sanlucar de Barrameda por el nuevo camino de Xerez. Antonio Rodríguez lo dibuxó. Pedro Vic.te Rodriguez lo grabó". Y la otra es grabado calcográfico coloreado de "Caracteres de la vid común. Ant.o Meneses dibujó. Ant.o Vázquez grabó"
650 #4 - PUNTO DE ACCESO ADICIONAL DE MATERIA--TÉRMINO DE MATERIA
Término de materia o nombre geográfico como elemento de entrada Vid-
Subdivisión general Variedades-
Subdivisión geográfica Andalucía.
9 (RLIN) 158376
700 1# - ENTRADA AGREGADA--NOMBRE PERSONAL
Nombre de persona Rodríguez, Antonio,
Fechas asociadas al nombre 1765-ca. 1823
9 (RLIN) 148057
700 1# - ENTRADA AGREGADA--NOMBRE PERSONAL
Nombre de persona Rodríguez, Pedro Vicente,
Fechas asociadas al nombre 1775-1822
9 (RLIN) 158377
852 ## - LOCALIZACIÓN
Ubicación ES-MaACL
Número de control de estantería C-3453
Nota libre -- Enc. pasta española
852 ## - LOCALIZACIÓN
Ubicación ES-MaACL
Número de control de estantería C-12012
Nota libre -- rúst.
856 ## - LOCALIZACIÓN Y ACCESO ELECTRÓNICOS
Identificador Uniforme de Recursos <a href="http://bdh-rd.bne.es/viewer.vm?id=0000041422&page=1 ">http://bdh-rd.bne.es/viewer.vm?id=0000041422&page=1 </a>
Nota pública Biblioteca Digital Hispánica
Holdings
Estatus retirado Estado de pérdida Estado de daño No para préstamo Colección Biblioteca de origen Biblioteca actual Ubicación en estantería Fecha de adquisición Fuente de adquisición Total de préstamos Signatura topográfica completa Código de barras Visto por última vez Precio de reemplazo Tipo de ítem Koha
        Colección digital Biblioteca del Ateneo de Madrid Biblioteca del Ateneo de Madrid Sala Palomar 17/01/2008     C-12012 1171949 23/02/2023 23/02/2023 Libro impreso antiguo
        Colección digital Biblioteca del Ateneo de Madrid Biblioteca del Ateneo de Madrid Sala Palomar 17/01/2008     C-3453 1171948 23/02/2023 23/02/2023 Libro impreso antiguo